[Event "Rome Accademia op 04"]
[Site "Rome"]
[Date "2008.04.20"]
[Round "5"]
[White "Iovino, Antonino"]
[Black "Maddaloni, Giovanni"]
[Result "1-0"]
[WhiteElo "1829"]
[BlackElo "1809"]
[PlyCount "83"]
[EventDate "2008.04.18"]
[EventType "swiss"]
[EventRounds "5"]
[EventCountry "ITA"]
[SourceTitle "EXT 2011"]
[Source "ChessBase"]
[SourceDate "2010.11.26"]
[SourceVersion "1"]
[SourceVersionDate "2010.11.26"]
[SourceQuality "1"]

1. e4 c5 2. Nf3 Nc6 3. d4 cxd4 4. Nxd4 e5 5. Nb5 a6 6. Nd6+ Bxd6 7. Qxd6 Qf6 8. Qa3 Nge7 9. Bd3 b5 10. Bxb5 axb5 11. Qxa8 Nd4 12. Na3 Qg6 13. Be3 Qxg2 14. 0-0-0 Ne2+ 15. Kb1 0-0 16. Nxb5 d5 17. Qa3 d4 18. Qxe7 dxe3 19. fxe3 Qxe4 20. Nd6 Qa8 21. Nxf7 Bh3 22. Qxf8+ Qxf8 23. Rd8 Kxf7 24. Rxf8+ Kxf8 25. Re1 Bg4 26. a4 Ke7 27. Ka2 Kd6 28. Ka3 Kd5 29. a5 Ke4 30. a6 Kxe3 31. Rf1 Be6 32. a7 Bd5 33. c3 Nf4 34. c4 Bb7 35. b4 Ke2 36. Rg1 g6 37. b5 Nd3 38. Rg5 Kd2 39. c5 Nxc5 40. Rxe5 Nd3 41. Re7 Bd5 42. b6 1-0

[Event "IECG QB.2004.0.00060"]
[Site "IECG email"]
[Date "2004.11.01"]
[Round "?"]
[White "Iovino, Antonino"]
[Black "Kolus, Wojciech"]
[Result "1/2-1/2"]
[WhiteElo "1832"]
[BlackElo "1850"]
[PlyCount "96"]
[EventDate "2004.11.01"]
[EventType "tourn (corr)"]
[EventRounds "6"]
[SourceTitle "Corr 2008"]
[Source "ChessBase"]
[SourceDate "2008.06.24"]
[SourceVersion "1"]
[SourceVersionDate "2008.06.24"]
[SourceQuality "1"]

1. e4 c5 2. Nf3 Nc6 3. d4 cxd4 4. Nxd4 e6 5. Nc3 Qc7 6. Be2 a6 7. 0-0 Nf6 8. Be3 Bb4 9. Na4 0-0 10. Nxc6 bxc6 11. Nb6 Rb8 12. Nxc8 Rfxc8 13. Bxa6 Rd8 14. Bd3 Bd6 15. Kh1 Be5 16. c3 Rxb2 17. Qc1 Ng4 18. f4 Nxe3 19. Qxb2 Bxf4 20. Qf2 Nxf1 21. Rxf1 e5 22. g3 Qd6 23. Be2 Bg5 24. Qxf7+ Kh8 25. Rd1 Qe7 26. Qxe7 Bxe7 27. a4 Kg8 28. a5 Kf8 29. Bc4 Bc5 30. Kg2 Ke7 31. a6 Rf8 32. Rd2 g5 33. h3 h5 34. Bb3 Rb8 35. Bd1 h4 36. Kf3 hxg3 37. Kxg3 Be3 38. Ra2 Bf4+ 39. Kg4 Kd6 40. Be2 Kc5 41. Ra5+ Kb6 42. Ra1 Ra8 43. Rd1 Ra7 44. Rb1+ Kc7 45. Kf5 d5 46. exd5 cxd5 47. Rd1 Kc6 48. c4 d4 1/2-1/2